Les plus gros transferts du football - Gardiens de but - 2022-2023 - Statistiques

Statistiques générales
  • Ce quiz a été pris 28 fois
  • Le résultat moyen est 6 sur 10
Statistiques - réponses
Montant de transfert (M €) Nationalité Venant de Allant à Joueur % Correct
12,00 Espagne AS Roma Marseille Pau López
96%
9,30 France Paris SG West Ham United Alphonse Areola
93%
9,00 Suisse Bor. M'gladbach Bayern Munich Yann Sommer
89%
8,00 Argentine Villarreal CF Ajax Gerónimo Rulli
75%
11,50 Angleterre Burnley FC Newcastle United Nick Pope
71%
14,00 Irlande Manchester City U21 Southampton Gavin Bazunu
46%
9,00 Suisse Montepllier Bor. M'gladbach Jonas Omlin
46%
8,50 Italie Cagliari FC Empoli Guglielmo Vicario
32%
10,50 Portugal FC Granada Lazio Rome Luís Maximiano
29%
9,09 États-Unis Chicago Chelsea Gabriel Slonina
25%
Aucun quiz correspondant
Distribution des résultats
% des personnes avec chaque résultat
Percentile par nombre de réponses
Votre historique - résultats
Vous n’avez pas pris ce quiz